Manual de Construcción y Manejo de Nichos Artificiales para Congrio Colorado.

保存先:
書誌詳細
第一著者: Toledo Donoso, María Isabel (autora)
その他の著者: Olivares Cantillano, Germán (autor), Zamora Abarca, Víctor (autor), Torres Valderrama, Pamela (autora), Díaz Poblete, Cristina (autora), Herrera Muñoz, María José (autor)
フォーマット: 図書
言語:スペイン語
出版事項: Valparaíso, Chile: Pontificia Universidad Católica de Valparaíso; Escuela de Ciencias del Mar, 2017.
主題:
タグ: タグ追加
タグなし, このレコードへの初めてのタグを付けませんか!

MARC

LEADER 00000cam a2200000 a 4500
001 UCC3923
003 CL-VaPUC
005 20230913093325.0
008 180622e20170000cl |||||||||||||||||spa|d
999 |c 371570  |d 371568 
020 |a 978-956-368-646-3 
040 |c Pontificia Universidad Católica de Valparaíso 
082 0 4 |a 639.32 TOL 2017   |2 22 
100 |a Toledo Donoso, María Isabel  |e autora  |9 528806 
245 1 0 |a Manual de Construcción y Manejo de Nichos Artificiales para Congrio Colorado.  
260 |a Valparaíso, Chile:  |b Pontificia Universidad Católica de Valparaíso;  |b Escuela de Ciencias del Mar,   |c 2017. 
300 |a 68 páginas.  
500 |a c.3 Donación Rectoría 2022. c.4 Donación Rectoría 2022. 
583 |a last modification  |c 20180622 13:48:00  |k Rodrigo Vera 
650 0 |a Acuicultura  |9 258883  |v Diseño y construcción   |x Nichos artificiales  
650 0 |a Cultivo de peces  |9 350529  |x Congrio colorado  |x Aguas saladas  
700 |a Olivares Cantillano, Germán  |e autor  |9 562196 
700 |a Zamora Abarca, Víctor  |e autor  |9 598026 
700 |a Torres Valderrama, Pamela  |e autora  |9 598027 
700 |a Díaz Poblete, Cristina  |e autora  |9 598028 
700 |a Herrera Muñoz, María José  |e autor  |9 598029 
942 |c BK  |2 ddc 
945 |d 20180622 13:48:00  |a arojas 
952 |0 0  |1 0  |2 ddc  |3 erb  |4 0  |6 639_320000000000000_TOL_2017  |7 0  |8 A  |9 488590  |a BIBCUR  |b BIBCUR  |i 5476178  |o 639.32 TOL 2017  |p 5476178  |r 2025-04-22  |w 2019-11-24  |y BK  |z Catalogado en:20180622  |k CIM 
952 |0 0  |1 0  |2 ddc  |3 erb  |4 0  |6 639_320000000000000_TOL_2017  |7 0  |8 A  |9 488591  |a BIBCUR  |b BIBCUR  |i 5476186  |o 639.32 TOL 2017  |p 5476186  |r 2025-04-22  |w 2019-11-24  |y BK  |z Catalogado en:20180622  |k CIM 
952 |0 0  |1 0  |2 ddc  |4 0  |6 639_320000000000000_TOL_2017  |7 0  |8 A  |9 591507  |a BIBCUR  |b BIBCUR  |d 2023-09-12  |e Donación   |i 5658479  |l 1  |o 639.32 TOL 2017  |p 5658479  |r 2025-04-22  |s 2023-10-20  |t 3  |w 2023-09-12  |y BK  |k CIM 
952 |0 0  |1 0  |2 ddc  |4 0  |6 639_320000000000000_TOL_2017  |7 0  |8 A  |9 591508  |a BIBCUR  |b BIBCUR  |d 2023-09-12  |e Donación   |i 5658480  |o 639.32 TOL 2017  |p 5658480  |r 2025-04-22  |t 4  |w 2023-09-12  |y BK  |k CIM